00322nam a22000977a 4500008004100000082001700041245011200058260003400170300001200204440000800216230612b xxu||||| |||| 00| 0 eng d a354.676bGOK a2009/2010 Estimates of Recurrent Expenditure of the Government of Kenya for the Year Ending 30th June, 2010 aNairobi,KenyabGOKcJune,2009 aX,1607p vIII